The Little Mermaid Characters - Statistics

General Stats
  • This quiz has been taken 17 times
  • The average score is 13 of 16
Answer Stats
Picture Answer % Correct
Ariel
100%
Flounder
100%
Sebastian
100%
Ursula
100%
King Triton
92%
Prince Eric
92%
Scuttle
85%
Chef Louis
77%
Max
77%
Vanessa
77%
Adella
69%
Arista
69%
Attina
69%
Grimsby
69%
Aquata
62%
Flotsam and Jetsam
62%
No matching quizzes found
Score Distribution
Percent of People with Each Score
Percentile by Number Answered
Your Score History
You have not taken this quiz